Sistema para la consulta de información de estadísticas sobre relaciones laborales de jurisdicción local de los Estados Unidos Mexicanos : 2012 /

Guardat en:
Dades bibliogràfiques
Autor corporatiu: Instituto Nacional de Estadística y Geografía
Format: Electrònic
Idioma:espanyol
Publicat: Aguascalientes, México : Instituto Nacional de Estadística y Geografía, 2013, c2013
Matèries:
Etiquetes: Afegir etiqueta
Sense etiquetes, Sigues el primer a etiquetar aquest registre!

MARC

LEADER 00000nmm^a2200000^a^4500
001 000339810
005 20250521000000.0
009 20260310114435.895
020 |a 978-607-494-873-8 
037 |a Acervo ITESO - Biblioteca 
041 |a ESP 
082 |a 331. 890972  |b EST 2012 
110 |a Instituto Nacional de Estadística y Geografía 
240 1 1 |a [Estadísticas sobre relaciones laborales de jurisdicción local] 
245 1 0 |a Sistema para la consulta de información de estadísticas sobre relaciones laborales de jurisdicción local de los Estados Unidos Mexicanos :  |b 2012 /  |c INEGI. 
264 4 |a Aguascalientes, México :  |b Instituto Nacional de Estadística y Geografía,  |c 2013, c2013 
300 |a 1 disco compacto de computadora 
336 |a datos para computadora  |b cod  |2 rdacontenido 
337 |a computadora  |b c  |2 rdamedio 
338 |a disco de computadora  |b cd  |2 rdasoporte 
649 |a XX 
650 |a Relaciones Laborales -  |z México -  |x Estadísticas 
650 |a Relaciones Empleado-Empleador -  |z México -  |x Estadísticas 
650 |a Huelgas y Paros -  |z México -  |x Estadísticas 
650 |a Sindicalismo -  |z México -  |x Estadísticas 
650 |a Arbitraje Industrial -  |z México -  |x Estadísticas 
650 |a Economía Laboral -  |z México -  |x Estadísticas 
650 |a Derecho Laboral -  |z México -  |x Estadísticas 
650 |a México -  |x Estadísticas 
910 |a Fondo General 
920 |a Electrónicos - Recursos en Disco 
905 |a 207 
901 |a 0500230032  |b IT2  |c SWB  |i D62366  |u 20250521 
902 |a https://opac.biblio.iteso.mx/vufind/Record/000339810